| 000 | 00871nabaa22001937a 4500 | ||
|---|---|---|---|
| 999 |
_c6135 _d6135 |
||
| 003 | OSt | ||
| 005 | 20260122224252.0 | ||
| 008 | 190701b xxu||||| |||| 00| 0 spa d | ||
| 040 | _cPJ | ||
| 100 |
_96895 _aDaroca, Mauricio Emiliano |
||
| 245 | 1 | 3 |
_aLa apropiación privada de los bienes del Estado y la urgente necesidad de la defensa del dominio público / _cMauricio Emiliano Daroca. |
| 300 | _ap. 37-45 | ||
| 505 | _aSumario: I. Introducción.— II. La anomia con relación a la tutela de los bienes del Estado.— III. Conclusiones | ||
| 505 | _t¿Te interesa el texto completo? Comunicate al correo: koha@justierradelfuego.gov.ar | ||
| 650 | 0 |
_9211 _aDERECHO ADMINISTRATIVO |
|
| 653 | _aBIENES DEL ESTADO | ||
| 773 | 0 |
_02842 _93251 _dBuenos Aires : AbeledoPerrot, 2012- _oDA121 _tDerecho administrativo. Nº 149 septiembre/octubre 2023 _z18510590 |
|
| 942 |
_2udc _cANA |
||